000 00661nam a2200277Ia 4500
005 20260324143414.0
008 008 260324s9999 xx 000 0 eng d
020 _a9780203758717
037 _aEBOOK
040 _aCRL
040 _beng
040 _cCRL
041 _2eng
041 _aeng
084 _qCRL
100 _aA.B Mikhailovskii
_9999779
245 0 _aElectromagnetic Instabilities in an Inhomogeneous Plasma
260 _bTaylor and Francis
260 _c1992
365 _a
365 _b465
856 _uhttp://www.taylorfrancis.com/books/9780203758717
942 _cEBOOK
999 _c1820881
_d1820881